000 00494cam a22002054a 4500
005 20250605164246.0
008 250528s ||||||||||||||||||||||||d
035 _a21534
020 _a9780135256350
040 _aGR-AtMCL
_bgre
_dGR-AtMCL
_eAACR2
245 1 _aEXPLORING CORPORATE STRATEGY
250 _a4
260 _bPrentice Hall,
_c1997
300 _a873
700 1 _aJohnson Gerry
_91786
700 1 _aScholes Kevan
_91787
942 _cBK
999 _c6596
_d6596